| 000 | 01273nam0a2200325 4500 | ||
|---|---|---|---|
| 001 | RU\NLR\bibl\514874 | ||
| 005 | 20250609143447.0 | ||
| 010 |
_a5-699-05381-6 _97000 |
||
| 021 |
_aRU _b2004-13568 _9696 |
||
| 035 | _a(NLR Aleph) 000507322 | ||
| 090 |
_a1211143 _c1211143 |
||
| 100 | _a20040423d2004 |||y0rusy50 ca | ||
| 101 | 0 | _arus | |
| 102 | _aRU | ||
| 105 | _aa ||||||||| | ||
| 200 | 1 |
_aАтлас декоративнолистных растений _eКомнат. цветоводство _fА. Ю. Лимаренко, Т. В. Палеева |
|
| 210 |
_aМ. _cЭксмо _aСПб. _cСова _d2004 |
||
| 215 |
_a143 с. _cцв. ил. _d21 |
||
| 300 | _aНа 4-й с. авт.: к.б.н. А. Ю. Лимаренко, к.б.н. Т. В. Палеева | ||
| 320 | _aУказ. рус. назв. растений: с. 138-143 | ||
| 606 | 0 |
_aКомнатное цветоводство _jАтласы _91344292 _3RU\NLR\auth\66560763 |
|
| 686 | _aП274-455.5я61 | ||
| 700 | 1 |
_aЛимаренко _bА. Ю. _gАндрей Юрьевич _4070 |
|
| 701 | 1 |
_aПалеева _bТ. В. _gТатьяна Владиленовна _4070 |
|
| 801 | 0 |
_aRU _bNLR _c20040423 _gPSBO |
|
| 801 | 1 |
_aRU _bNLR _c20040423 |
|
| 942 | _cBOOK | ||
| 980 | _aNB | ||